000 01216cam a2200337 a 4500
001 3055507
003 ARRUPE
005 20211102100007.0
008 960514s1996 enkab b 001 0 eng d
010 _a 96060367
020 _a0500050813
035 _a(OCoLC)35825024
040 _aNLM
_cNLM
_dFQG
_dOCL
_dDLC
042 _alccopycat
050 0 0 _aGN281.4
_b.M57 1996
100 1 _aMithen, Steven J.
_943729
245 1 4 _aThe prehistory of the mind :
_ba search for the origins of art, religion, and science /
_cSteven Mithen.
260 _aLondon :
_bPhoenix,
_cc1996.
300 _a288 p. :
_bill., maps ;
_c24 cm.
504 _aIncludes bibliographical references (p. 262-283) and index.
650 0 _aGenetic psychology.
_912869
650 0 _aCognition.
_92049
650 0 _aBrain
_xEvolution.
_914694
650 0 _aSocial evolution.
_916227
650 0 _aThought and thinking.
_96272
650 0 _aArt, Prehistoric.
_926697
650 0 _aLanguage and languages
_xOrigin.
_914516
906 _a7
_bcbc
_ccopycat
_d2
_eopcn
_f19
_gy-gencatlg
942 _2lcc
_cMONOGRAPH
999 _c131061
_d131061